00721 2200265 4500001002100000005001700021008004100038035002500079082001100104090001800115100002100133245007500154250001100229260003400240300002700274650002100301700001300322850001200335990001800347990001800365990001800383990001800401990001800419990001800437YOGYA-0209000003878220150423095146.0 ind  a0010-020900000038782 a220.07 a220.97bGon S aGONDOWIJOYO, J.H aSekolah doa = School of prayercJ.H. Gondowojoyo; penyunting, Hariyono aCet. 1 aYogyakartab(PBMR) Andic2004 aviii, 309 hlm.c24 cm. aAlkitab, Sekolah aHariyono aYOPDYOG a11483-PD/B.05 a11484-PD/B.05 a11483-PD/B.05 a11484-PD/B.05 a11484-PD/B.05 a11483-PD/B.05